[Event "World Youth U-16 Olympiad 2018"]
[Site "Konya"]
[Date "2018.11.30"]
[Round "6"]
[White "Isik, Alparslan"]
[Black "Mis, Mieszko"]
[Result "1-0"]
[WhiteElo "2220"]
[BlackElo "2307"]
[Annotator "NA RC"]
[PlyCount "119"]
[EventDate "2018.11.25"]
[EventType "team-tourn"]
[EventCountry "TUR"]
[SourceTitle "playchess.com"]
[Source "ChessBase"]
[SourceQuality "1"]
[WhiteTeam "Turkey"]
[BlackTeam "Poland"]
[WhiteTeamCountry "TUR"]
[BlackTeamCountry "POL"]

1. Nf3 Nf6 2. c4 c6 3. d4 d5 4. e3 Bf5 5. Nc3 a6 6. a4 e6 7. Qb3 Ra7 8. a5 Nbd7 9. Bd2 Bd6 10. Be2 O-O 11. O-O Qe7 12. Na2 Ne4 13. Bb4 c5 14. dxc5 Ndxc5 15. Qa3 dxc4 16. Rac1 Nd3 17. Bxd6 Qxd6 18. Rxc4 Qxa3 19. bxa3 Ndc5 20. Nd4 Nd7 21. Rc7 Nec5 22. Nxf5 exf5 23. Rd1 Raa8 24. Rdxd7 Nxd7 25. Rxd7 Rac8 26. Kf1 Rc5 27. Rd3 Rxa5 28. Bf3 Rb5 29. Nb4 g6 30. Rd5 Rb6 31. Ke2 Ra8 32. Rd7 a5 33. Nd3 Rc8 34. Bxb7 Rc2+ 35. Kf3 Rd2 36. Bd5 Rxd3 37. Bxf7+ Kf8 38. Rxd3 Kxf7 39. Rd5 Ra6 40. a4 Ke6 41. Rb5 Kf6 42. h3 Ra7 43. g4 fxg4+ 44. hxg4 h6 45. Rb6+ Kg7 46. Kg3 g5 47. Rb5 Ra6 48. f4 gxf4+ 49. exf4 Kf6 50. Kh4 Kg6 51. f5+ Kf6 52. Kh5 Kg7 53. Rb7+ Kg8 54. Re7 Rd6 55. Re5 Kg7 56. Rxa5 Rd2 57. Ra7+ Kf6 58. Ra6+ Ke5 59. Kxh6 Kf4 60. f6 1-0

[Event "World Youth U-16 Olympiad 2018"]
[Site "Konya"]
[Date "2018.11.30"]
[Round "6"]
[White "Li, Henry"]
[Black "Subelj, Jan"]
[Result "0-1"]
[WhiteElo "2219"]
[BlackElo "2281"]
[Annotator "ChessBase"]
[PlyCount "98"]
[EventDate "2018.11.25"]
[EventType "team-tourn"]
[EventCountry "TUR"]
[SourceTitle "playchess.com"]
[Source "ChessBase"]
[SourceQuality "1"]
[WhiteTeam "Ireland"]
[BlackTeam "Slovenia"]
[WhiteTeamCountry "IRL"]
[BlackTeamCountry "SLO"]

1. e4 e5 2. Nf3 Nc6 3. Bb5 a6 4. Ba4 Nf6 5. O-O Be7 6. Re1 b5 7. Bb3 d6 8. c3 O-O 9. h3 Nb8 10. d4 Nbd7 11. Nbd2 Bb7 12. Bc2 Re8 13. Nf1 Bf8 14. Ng3 g6 15. a4 Bg7 16. d5 Nb6 17. a5 Nc8 18. b3 c6 19. c4 c5 20. Bd3 b4 21. Be3 Ne7 22. Qd2 Bc8 23. Ra2 Kh8 24. Nxe5 dxe5 25. Bxc5 Rb8 26. Bxb4 Qc7 27. Rb1 Bh6 28. Qe1 Nh5 29. Nxh5 gxh5 30. Bc3 Rg8 31. Kh1 Ng6 32. Bf1 f6 33. f3 Nf4 34. Bd2 Qg7 35. Be3 f5 36. c5 fxe4 37. fxe4 Qg6 38. Bxf4 Bxf4 39. Bc4 Rb7 40. d6 Be6 41. c6 Rbg7 42. Rd1 Bxc4 43. bxc4 Qe6 44. Qe2 Rxg2 45. Qxg2 Rxg2 46. Kxg2 Qxc4 47. Rf2 Qxe4+ 48. Kg1 Qa4 49. Rd3 Qxc6 0-1

[Event "World Youth U-16 Olympiad 2018"]
[Site "Konya"]
[Date "2018.11.30"]
[Round "6"]
[White "Yaniv, Yuval"]
[Black "Tadic, Stefan"]
[Result "1-0"]
[WhiteElo "2209"]
[BlackElo "2295"]
[Annotator "NA RC"]
[PlyCount "93"]
[EventDate "2018.11.25"]
[EventType "team-tourn"]
[EventCountry "TUR"]
[SourceTitle "playchess.com"]
[Source "ChessBase"]
[SourceQuality "1"]
[WhiteTeam "Israel"]
[BlackTeam "Serbia"]
[WhiteTeamCountry "ISR"]
[BlackTeamCountry "SRB"]

1. d4 Nf6 2. c4 c5 3. d5 b5 4. cxb5 a6 5. f3 g6 6. e4 Bg7 7. Nc3 O-O 8. Bg5 d6 9. a4 Qa5 10. Ra3 Nbd7 11. Nh3 h6 12. Bd2 Qd8 13. Nf2 Ne8 14. g4 Nc7 15. Be2 Bb7 16. b6 Ne8 17. a5 e6 18. h4 exd5 19. Nxd5 Bxd5 20. exd5 Nef6 21. Bc3 Re8 22. g5 Nh5 23. Ne4 Ne5 24. Qd2 Ng3 25. Bxe5 Bxe5 26. Rg1 Nf5 27. h5 Bd4 28. Rg4 gxh5 29. Rf4 Re5 30. gxh6 Kh8 31. h7 Qe7 32. Rd3 Kxh7 33. Kd1 Rg8 34. Kc2 Rg2 35. b3 f6 36. b7 Qxb7 37. Nxf6+ Kg6 38. Ne4 Rxd5 39. Rxf5 Rxf5 40. Nxd6 Qe7 41. Nxf5 Kxf5 42. Kd1 h4 43. Rxd4 Rg1+ 44. Kc2 cxd4 45. Bd3+ Kf6 46. Qf4+ Ke6 47. Bc4+ 1-0

[Event "World Youth U-16 Olympiad 2018"]
[Site "Konya"]
[Date "2018.11.30"]
[Round "6"]
[White "Martins, Bruno Andre Leite"]
[Black "Lashkin, Jegor"]
[Result "1/2-1/2"]
[WhiteElo "2205"]
[BlackElo "2367"]
[Annotator "ChessBase"]
[PlyCount "62"]
[EventDate "2018.11.25"]
[EventType "team-tourn"]
[EventCountry "TUR"]
[SourceTitle "playchess.com"]
[Source "ChessBase"]
[SourceQuality "1"]
[WhiteTeam "Portugal"]
[BlackTeam "Moldova"]
[WhiteTeamCountry "POR"]
[BlackTeamCountry "MDA"]

1. e4 c5 2. Nf3 d6 3. d4 cxd4 4. Nxd4 Nf6 5. Nc3 a6 6. Bd3 g6 7. O-O Bg7 8. Re1 O-O 9. Bf1 b5 10. a4 b4 11. Nd5 Bb7 12. Bg5 Nbd7 13. Qd2 Nxd5 14. exd5 Nf6 15. Nc6 Bxc6 16. dxc6 Qc7 17. Qxb4 Qxc6 18. c3 Rfb8 19. Qa3 h6 20. Be3 Ng4 21. Rad1 Nxe3 22. Rxe3 Ra7 23. b4 d5 24. Qb3 e6 25. c4 d4 26. Re2 a5 27. b5 Qc5 28. g3 Rc7 29. Rc2 Qb6 30. Bg2 Rc5 31. Qd3 Rd8 1/2-1/2

[Event "World Youth U-16 Olympiad 2018"]
[Site "Konya"]
[Date "2018.11.30"]
[Round "6"]
[White "Beydullayeva, Govhar"]
[Black "Gharibyan, Mamikon"]
[Result "0-1"]
[WhiteElo "2202"]
[BlackElo "2314"]
[Annotator "NA"]
[PlyCount "50"]
[EventDate "2018.11.25"]
[EventType "team-tourn"]
[EventCountry "TUR"]
[SourceTitle "playchess.com"]
[Source "ChessBase"]
[SourceQuality "1"]
[WhiteTeam "Azerbaijan"]
[BlackTeam "Armenia"]
[WhiteTeamCountry "AZE"]
[BlackTeamCountry "ARM"]

1. c4 e6 2. Nf3 d5 3. g3 dxc4 4. Qa4+ Bd7 5. Qxc4 c5 6. Ne5 Nc6 7. Nxd7 Qxd7 8. Bg2 Nf6 9. b3 Rc8 10. Bb2 Be7 11. O-O Nd4 12. Na3 O-O 13. Rfe1 Rfd8 14. Qd3 b5 15. Rac1 a6 16. Qb1 h5 17. e3 Nc6 18. Red1 Nb4 19. d4 cxd4 20. Rxc8 Rxc8 21. Rxd4 Qc7 22. Rd1 Qa5 23. Rc1 Rxc1+ 24. Qxc1 Nd3 25. Qc8+ Bf8 0-1

[Event "World Youth U-16 Olympiad 2018"]
[Site "Konya"]
[Date "2018.11.30"]
[Round "6"]
[White "Garcia de Dios, Jose Antonio"]
[Black "Navaratnam, Rohan Shan Tze"]
[Result "1-0"]
[WhiteElo "2194"]
[BlackElo "2097"]
[Annotator "ChessBase"]
[PlyCount "139"]
[EventDate "2018.11.25"]
[EventType "team-tourn"]
[EventCountry "TUR"]
[SourceTitle "playchess.com"]
[Source "ChessBase"]
[SourceQuality "1"]
[WhiteTeam "Mexico"]
[BlackTeam "Malaysia"]
[WhiteTeamCountry "MEX"]
[BlackTeamCountry "MAS"]

1. d4 d5 2. c4 e6 3. Nf3 c5 4. cxd5 exd5 5. Nc3 Nc6 6. Bf4 Nf6 7. e3 c4 8. Ne5 Bb4 9. Qa4 O-O 10. Nxc6 Bxc3+ 11. bxc3 bxc6 12. Qa3 Re8 13. Be2 Bg4 14. Bxg4 Nxg4 15. O-O Nf6 16. h3 Qd7 17. Be5 Qf5 18. Rab1 Ne4 19. Rb2 Qg6 20. Re1 c5 21. f3 Ng5 22. Kh2 Qd3 23. Qxc5 Qxc3 24. Rbb1 Red8 25. Bc7 Ne6 26. Qa5 Qxa5 27. Bxa5 Rdb8 28. Bc3 f5 29. g4 g6 30. Kg3 Kf7 31. Kf2 Rb6 32. gxf5 gxf5 33. Ke2 Rab8 34. Rxb6 Rxb6 35. Kd2 Ra6 36. Ra1 Ng5 37. Ke2 Nxh3 38. f4 Rg6 39. Rh1 Rg2+ 40. Kf3 Rf2+ 41. Kg3 Rc2 42. Be1 Rxa2 43. Rxh3 Re2 44. Bf2 Kg6 45. Rh1 Rb2 46. Ra1 Rb7 47. Ra6+ Kf7 48. Be1 Rd7 49. Bb4 Kg7 50. Bc5 Kf7 51. Kh4 Rc7 52. Kg5 c3 53. Ra3 c2 54. Rc3 Ke6 55. Kh6 Rb7 56. Rxc2 Rb3 57. Ra2 Rxe3 58. Ra6+ Kf7 59. Rxa7+ Kf6 60. Ra6+ Kf7 61. Kg5 Rh3 62. Ra7+ Kg8 63. Kxf5 h5 64. Kg6 Rg3+ 65. Kxh5 Rg1 66. f5 Rf1 67. Kg6 Rg1+ 68. Kf6 Re1 69. Re7 Rh1 70. Re5 1-0

[Event "World Youth U-16 Olympiad 2018"]
[Site "Konya"]
[Date "2018.11.30"]
[Round "6"]
[White "Caglar, Sila"]
[Black "Gombocz, Zsofia"]
[Result "1/2-1/2"]
[WhiteElo "2184"]
[BlackElo "2041"]
[Annotator "ChessBase"]
[PlyCount "142"]
[EventDate "2018.11.25"]
[EventType "team-tourn"]
[EventCountry "TUR"]
[SourceTitle "playchess.com"]
[Source "ChessBase"]
[SourceQuality "1"]
[WhiteTeam "Turkey"]
[BlackTeam "Hungary"]
[WhiteTeamCountry "TUR"]
[BlackTeamCountry "HUN"]

1. e4 e5 2. Nc3 Nf6 3. Nf3 Nc6 4. Be2 Bb4 5. Nd5 Ba5 6. c3 Bb6 7. d3 h6 8. b4 d6 9. a4 a6 10. Nxb6 cxb6 11. O-O O-O 12. Bd2 Re8 13. b5 Ne7 14. Qc2 Ng6 15. Rfb1 a5 16. Re1 d5 17. Rad1 Bd7 18. exd5 Nxd5 19. d4 exd4 20. Nxd4 Qc7 21. Qb3 Nf6 22. Bc4 Ne5 23. Bf1 Neg4 24. g3 Ne4 25. Bf4 Qc8 26. f3 Nc5 27. Qa2 Nf6 28. Bc4 Ne6 29. Be5 Qc5 30. Kg2 Rac8 31. Bb3 Ng5 32. Bxf6 Bh3+ 33. Kf2 gxf6 34. Rxe8+ Rxe8 35. Qd2 Bg4 36. Qd3 Be6 37. Bxe6 Rxe6 38. h4 Nh7 39. Kg2 Re5 40. f4 Rd5 41. Re1 Rd8 42. Qe2 Qxc3 43. Nf3 Nf8 44. f5 Qc5 45. Qe4 Rc8 46. Kh3 Rd8 47. Kg2 Rc8 48. Kh3 Rd8 49. Qg4+ Kh7 50. Qe4 Kg8 51. g4 Qc3 52. Re3 Qa1 53. g5 fxg5 54. hxg5 hxg5 55. Nxg5 Qh8+ 56. Kg3 Qg7 57. Qg4 Nh7 58. Ne4 Qxg4+ 59. Kxg4 Rd4 60. Kf3 f6 61. Rc3 Rxa4 62. Rc7 Ng5+ 63. Nxg5 fxg5 64. Rxb7 Rf4+ 65. Kg3 Rxf5 66. Rxb6 a4 67. Kg4 Rc5 68. Ra6 Rxb5 69. Rxa4 Kg7 70. Ra7+ Kg6 71. Ra6+ Kg7 1/2-1/2

[Event "World Youth U-16 Olympiad 2018"]
[Site "Konya"]
[Date "2018.11.30"]
[Round "6"]
[White "Piyumantha, M Sasith Nipun"]
[Black "Kistrup, Nicolai"]
[Result "1-0"]
[WhiteElo "2167"]
[BlackElo "2092"]
[Annotator "NA"]
[PlyCount "67"]
[EventDate "2018.11.25"]
[EventType "team-tourn"]
[EventCountry "TUR"]
[SourceTitle "playchess.com"]
[Source "ChessBase"]
[SourceQuality "1"]
[WhiteTeam "Sri Lanka"]
[BlackTeam "Denmark"]
[WhiteTeamCountry "SRI"]
[BlackTeamCountry "DEN"]

1. d4 Nf6 2. c4 e6 3. g3 Bb4+ 4. Bd2 Be7 5. Bg2 d5 6. Nf3 O-O 7. O-O c6 8. Qc2 Nbd7 9. Bf4 Ne4 10. Nc3 f5 11. Ne5 Bf6 12. h4 Nxe5 13. dxe5 Be7 14. Rad1 Qa5 15. Nxe4 fxe4 16. a3 Rd8 17. Qc1 Bd7 18. Bg5 Bxg5 19. Qxg5 Qc5 20. cxd5 exd5 21. b4 Qf8 22. f3 h6 23. Qd2 exf3 24. exf3 a5 25. f4 axb4 26. axb4 Ra4 27. Bxd5+ Kh8 28. Be6 Rxb4 29. Bxd7 Rb3 30. Qd6 Qf7 31. Qe6 Rxg3+ 32. Kh2 Qg6 33. Qxg6 Rxg6 34. Bf5 1-0

[Event "World Youth U-16 Olympiad 2018"]
[Site "Konya"]
[Date "2018.11.30"]
[Round "6"]
[White "Schneider, Jana"]
[Black "Travadon, Loic"]
[Result "0-1"]
[WhiteElo "2163"]
[BlackElo "2310"]
[Annotator "NA RC"]
[PlyCount "56"]
[EventDate "2018.11.25"]
[EventType "team-tourn"]
[EventCountry "TUR"]
[SourceTitle "playchess.com"]
[Source "ChessBase"]
[SourceQuality "1"]
[WhiteTeam "Germany"]
[BlackTeam "France"]
[WhiteTeamCountry "GER"]
[BlackTeamCountry "FRA"]

1. e4 e5 2. Bc4 d6 3. Nf3 Nf6 4. Nc3 Be7 5. d4 exd4 6. Nxd4 O-O 7. O-O Nc6 8. Re1 Ne5 9. Bf1 Re8 10. f3 Bf8 11. Nde2 c6 12. a4 d5 13. Bg5 Bc5+ 14. Nd4 h6 15. Bxf6 Qxf6 16. Kh1 Ng4 17. fxg4 Bxd4 18. exd5 Rxe1 19. Qxe1 Bxg4 20. Ne4 Qe5 21. dxc6 bxc6 22. c3 Bb6 23. Bd3 Rd8 24. Bc2 Bf5 25. Qg3 Qxg3 26. hxg3 Rd5 27. Rf1 Bxe4 28. Bd1 Rd2 0-1

[Event "World Youth U-16 Olympiad 2018"]
[Site "Konya"]
[Date "2018.11.30"]
[Round "6"]
[White "Juhasz, Agoston"]
[Black "Ozenir, Ekin Baris"]
[Result "0-1"]
[WhiteElo "2139"]
[BlackElo "2293"]
[Annotator "NA"]
[PlyCount "84"]
[EventDate "2018.11.25"]
[EventType "team-tourn"]
[EventCountry "TUR"]
[SourceTitle "playchess.com"]
[Source "ChessBase"]
[SourceQuality "1"]
[WhiteTeam "Hungary"]
[BlackTeam "Turkey"]
[WhiteTeamCountry "HUN"]
[BlackTeamCountry "TUR"]

1. e4 Nc6 2. Nf3 d6 3. d4 Nf6 4. Nc3 g6 5. d5 Nb8 6. h3 Bg7 7. Bc4 O-O 8. O-O e5 9. dxe6 Bxe6 10. Bxe6 fxe6 11. Qe2 Nfd7 12. Qc4 Re8 13. Bg5 Qc8 14. Rae1 Nc6 15. Nh2 Nde5 16. Qe2 Nd4 17. Qd1 c5 18. b3 Nec6 19. Nb1 Ne5 20. c3 Nf7 21. Be3 Nc6 22. f4 Ne7 23. Qd3 d5 24. e5 Rf8 25. Nd2 Nf5 26. c4 Rd8 27. cxd5 exd5 28. g4 c4 29. bxc4 dxc4 30. Qc2 Nxe3 31. Rxe3 b5 32. Nhf3 Qc5 33. Qe4 Rac8 34. Rf2 c3 35. Nb3 c2 36. Re1 Qc3 37. Rfe2 Rc4 38. Qe3 Rd1 39. Nc1 Rxf4 40. e6 Nd6 41. e7 Rxf3 42. e8=Q+ Nxe8 0-1

[Event "World Youth U-16 Olympiad 2018"]
[Site "Konya"]
[Date "2018.11.30"]
[Round "6"]
[White "Marn, Jan"]
[Black "Bekasovs, Rihards"]
[Result "1-0"]
[WhiteElo "2125"]
[BlackElo "2182"]
[Annotator "ChessBase"]
[PlyCount "45"]
[EventDate "2018.11.25"]
[EventType "team-tourn"]
[EventCountry "TUR"]
[SourceTitle "playchess.com"]
[Source "ChessBase"]
[SourceQuality "1"]
[WhiteTeam "Slovenia"]
[BlackTeam "Latvia"]
[WhiteTeamCountry "SLO"]
[BlackTeamCountry "LAT"]

1. d4 Nf6 2. c4 b6 3. Nc3 Bb7 4. Nf3 e6 5. g3 d5 6. Bg2 a6 7. cxd5 exd5 8. O-O Bd6 9. Ne5 Nbd7 10. Bf4 O-O 11. Qb3 Bxe5 12. Bxe5 Nxe5 13. dxe5 Ne4 14. Rad1 Qe7 15. Nxd5 Qxe5 16. f4 Qe6 17. Nxc7 Qxb3 18. axb3 Rad8 19. Bxe4 Bxe4 20. Nxa6 Bc2 21. Rxd8 Rxd8 22. Rc1 Bxb3 23. Nb4 1-0

[Event "World Youth U-16 Olympiad 2018"]
[Site "Konya"]
[Date "2018.11.30"]
[Round "6"]
[White "Bulatova, Kamaliya"]
[Black "Mitsis, Georgios"]
[Result "0-1"]
[WhiteElo "2108"]
[BlackElo "2350"]
[Annotator "ChessBase"]
[PlyCount "110"]
[EventDate "2018.11.25"]
[EventType "team-tourn"]
[EventCountry "TUR"]
[SourceTitle "playchess.com"]
[Source "ChessBase"]
[SourceQuality "1"]
[WhiteTeam "Russia"]
[BlackTeam "Greece"]
[WhiteTeamCountry "RUS"]
[BlackTeamCountry "GRE"]

1. d4 Nf6 2. c4 e6 3. Nc3 Bb4 4. e3 O-O 5. Bd3 d5 6. Nf3 dxc4 7. Bxc4 c5 8. O-O Nbd7 9. Qe2 b6 10. Rd1 cxd4 11. exd4 Bb7 12. Bg5 Bxc3 13. bxc3 Qc7 14. Nd2 Bd5 15. Rac1 Bxc4 16. Nxc4 Rfc8 17. Nd2 h6 18. Bh4 Qf4 19. Bg3 Qf5 20. c4 Nf8 21. f3 Ng6 22. Ne4 Rd8 23. Qe3 h5 24. Nd6 Qa5 25. Nb7 Qxa2 26. Nxd8 Rxd8 27. Qc3 Rc8 28. Qb4 h4 29. Rd2 Qa6 30. Bf2 h3 31. g3 Qb7 32. Qa3 b5 33. Rb2 a6 34. c5 Nd5 35. Ra1 Rc6 36. Qd3 Qd7 37. Qe4 Nf6 38. Qe2 Nd5 39. Rba2 Nc3 40. Qe1 Nxa2 41. Rxa2 Qd5 42. Ra3 Ne7 43. Qf1 b4 44. Re3 Nf5 45. Re4 b3 46. g4 Ne7 47. Qxh3 b2 48. Re1 Qb3 49. Qf1 Nd5 50. Rb1 Nc3 51. Qd3 Qa2 52. Rf1 b1=Q 53. Qxc3 Qbb3 54. Qc1 Qxf3 55. Qg5 Qad5 0-1

[Event "World Youth U-16 Olympiad 2018"]
[Site "Konya"]
[Date "2018.11.30"]
[Round "6"]
[White "Fernandes, Ricardo Paulos"]
[Black "Verbin, Valentina"]
[Result "0-1"]
[WhiteElo "2096"]
[BlackElo "1936"]
[Annotator "NA"]
[PlyCount "34"]
[EventDate "2018.11.25"]
[EventType "team-tourn"]
[EventCountry "TUR"]
[SourceTitle "playchess.com"]
[Source "ChessBase"]
[SourceQuality "1"]
[WhiteTeam "Portugal"]
[BlackTeam "Moldova"]
[WhiteTeamCountry "POR"]
[BlackTeamCountry "MDA"]

1. Nf3 Nf6 2. b3 d5 3. Bb2 c5 4. e3 g6 5. c4 dxc4 6. Bxc4 Bg7 7. O-O O-O 8. Nc3 Nc6 9. d4 cxd4 10. exd4 e6 11. Ba3 Re8 12. Nb5 Bf8 13. Bxf8 Rxf8 14. Ne5 Ne7 15. Qf3 Ned5 16. a4 a6 17. Na3 b6 0-1

[Event "World Youth U-16 Olympiad 2018"]
[Site "Konya"]
[Date "2018.11.30"]
[Round "6"]
[White "Ozturk, Efe Hakan"]
[Black "Bekturov, Tamerlan"]
[Result "1/2-1/2"]
[WhiteElo "2083"]
[BlackElo "2244"]
[Annotator "TA"]
[PlyCount "28"]
[EventDate "2018.11.25"]
[EventType "team-tourn"]
[EventCountry "TUR"]
[SourceTitle "playchess.com"]
[Source "ChessBase"]
[SourceQuality "1"]
[WhiteTeam "Turkey"]
[BlackTeam "Kazakhstan"]
[WhiteTeamCountry "TUR"]
[BlackTeamCountry "KAZ"]

1. Nf3 c5 2. g3 Nc6 3. d4 cxd4 4. Nxd4 g6 5. Bg2 Bg7 6. Nxc6 bxc6 7. O-O Rb8 8. Nd2 Nf6 9. Nb3 Qc7 10. Bd2 O-O 11. Ba5 Qe5 12. Bc3 Qc7 13. Ba5 Qe5 14. Bc3 Qc7 1/2-1/2

[Event "World Youth U-16 Olympiad 2018"]
[Site "Konya"]
[Date "2018.11.30"]
[Round "6"]
[White "Easwaralingam, Adesh"]
[Black "Liyanage, Ranindu Dilshan"]
[Result "1/2-1/2"]
[WhiteElo "2075"]
[BlackElo "2100"]
[Annotator "ChessBase"]
[PlyCount "74"]
[EventDate "2018.11.25"]
[EventType "team-tourn"]
[EventCountry "TUR"]
[SourceTitle "playchess.com"]
[Source "ChessBase"]
[SourceQuality "1"]
[WhiteTeam "Denmark"]
[BlackTeam "Sri Lanka"]
[WhiteTeamCountry "DEN"]
[BlackTeamCountry "SRI"]

1. e4 c5 2. Nf3 Nc6 3. Bb5 g6 4. Bxc6 dxc6 5. d3 Bg7 6. h3 Nf6 7. Nc3 Nd7 8. Be3 e5 9. Qd2 h6 10. Nh2 b6 11. a4 a5 12. O-O Nf8 13. f4 exf4 14. Bxf4 g5 15. Bg3 Ng6 16. e5 O-O 17. Rae1 f5 18. exf6 Bxf6 19. Ne4 Bg7 20. Nd6 Rxf1+ 21. Nxf1 Bd7 22. Ne3 Nf4 23. Bxf4 gxf4 24. Nef5 Bxf5 25. Nxf5 Bd4+ 26. Kh1 Qg5 27. Nxd4 cxd4 28. Re4 Rf8 29. Rxd4 Qg3 30. Qe2 f3 31. Qe6+ Kh8 32. Qxh6+ Kg8 33. Qe6+ Kh8 34. Qh6+ Kg8 35. Rg4+ Qxg4 36. hxg4 f2 37. Qg6+ Kh8 1/2-1/2

[Event "World Youth U-16 Olympiad 2018"]
[Site "Konya"]
[Date "2018.11.30"]
[Round "6"]
[White "Urh, Zala"]
[Black "Ni Laighleis, Aisling"]
[Result "1-0"]
[WhiteElo "2066"]
[BlackElo "1188"]
[Annotator "NA RC"]
[PlyCount "53"]
[EventDate "2018.11.25"]
[EventType "team-tourn"]
[EventCountry "TUR"]
[SourceTitle "playchess.com"]
[Source "ChessBase"]
[SourceQuality "1"]
[WhiteTeam "Slovenia"]
[BlackTeam "Ireland"]
[WhiteTeamCountry "SLO"]
[BlackTeamCountry "IRL"]

1. d4 d5 2. c4 e6 3. Nc3 Nf6 4. Nf3 Be7 5. Bg5 Bb4 6. e3 O-O 7. Bd3 g6 8. O-O c6 9. a3 Bd6 10. b4 Nbd7 11. Qe2 Qe8 12. Bh6 e5 13. Bxf8 Qxf8 14. cxd5 cxd5 15. e4 exd4 16. Nxd5 Nxd5 17. exd5 Nf6 18. Nxd4 Qh6 19. g3 Nxd5 20. Qe8+ Kg7 21. Rac1 Nb6 22. Bc4 Be6 23. Nxe6+ fxe6 24. Qxe6 Nxc4 25. Rxc4 Rd8 26. Rc8 Rxc8 27. Qxc8 1-0

[Event "World Youth U-16 Olympiad 2018"]
[Site "Konya"]
[Date "2018.11.30"]
[Round "6"]
[White "Liu, Zhanhe"]
[Black "Oflaz, Avni"]
[Result "1-0"]
[WhiteElo "2052"]
[BlackElo "1361"]
[Annotator "NA"]
[PlyCount "113"]
[EventDate "2018.11.25"]
[EventType "team-tourn"]
[EventCountry "TUR"]
[SourceTitle "playchess.com"]
[Source "ChessBase"]
[SourceQuality "1"]
[WhiteTeam "Canada"]
[BlackTeam "Turkey"]
[WhiteTeamCountry "CAN"]
[BlackTeamCountry "TUR"]

1. e4 e5 2. Nf3 Nc6 3. Bc4 Nf6 4. d3 h6 5. c3 d6 6. O-O Be7 7. Re1 Be6 8. Bxe6 fxe6 9. Nbd2 Qd7 10. b4 a6 11. Nc4 b5 12. Ncd2 O-O 13. Nf1 Nh5 14. Nxe5 Nxe5 15. d4 Nf3+ 16. gxf3 Nf4 17. Ng3 Bg5 18. Bxf4 Rxf4 19. Re3 Raf8 20. Rd3 Qf7 21. a4 Rxf3 22. Rxf3 Qxf3 23. Qxf3 Rxf3 24. axb5 axb5 25. Ne2 Bd2 26. Kg2 Rf8 27. Ra7 Rc8 28. Rb7 c6 29. Re7 c5 30. bxc5 dxc5 31. Rxe6 b4 32. cxb4 Bxb4 33. d5 c4 34. Nd4 c3 35. Nc2 Bf8 36. Kf3 Kf7 37. Ke2 Be7 38. f4 Rc5 39. f5 Bf6 40. Ke3 Rc7 41. e5 Bg5+ 42. Kd4 Bf4 43. h3 Re7 44. Rxe7+ Kxe7 45. d6+ Kd7 46. Kd5 Bg5 47. e6+ Kd8 48. Kc6 h5 49. Kd5 h4 50. Nb4 Bf6 51. Kc4 Kc8 52. Kd3 Kd8 53. Nc6+ Kc8 54. Ne7+ Kd8 55. Nd5 Be5 56. e7+ Kd7 57. Nc7 1-0

[Event "World Youth U-16 Olympiad 2018"]
[Site "Konya"]
[Date "2018.11.30"]
[Round "6"]
[White "Golubovskis, Maksims"]
[Black "Hercog, Nusa"]
[Result "0-1"]
[WhiteElo "2049"]
[BlackElo "2017"]
[Annotator "NA"]
[PlyCount "86"]
[EventDate "2018.11.25"]
[EventType "team-tourn"]
[EventCountry "TUR"]
[SourceTitle "playchess.com"]
[Source "ChessBase"]
[SourceQuality "1"]
[WhiteTeam "Latvia"]
[BlackTeam "Slovenia"]
[WhiteTeamCountry "LAT"]
[BlackTeamCountry "SLO"]

1. e4 c5 2. Nf3 e6 3. d4 cxd4 4. Nxd4 Nc6 5. Nc3 Qc7 6. g4 a6 7. h4 b5 8. Nxc6 Qxc6 9. Bg2 Bb7 10. Be3 Rc8 11. a3 Bc5 12. Bd4 f6 13. Rh3 Qb6 14. Rd3 Bc6 15. Qd2 Bxd4 16. Rxd4 Ne7 17. Rd1 O-O 18. Rd6 Ng6 19. h5 Ne5 20. b3 Nxg4 21. Nd5 exd5 22. exd5 Qc5 23. dxc6 dxc6 24. Kf1 Qxh5 25. Qf4 Ne5 26. R1d2 Rfe8 27. Qg3 Qh6 28. f4 Ng6 29. f5 Ne5 30. Kg1 Nf7 31. R6d3 Re5 32. Qf2 Qh5 33. Rf3 Nh6 34. Re3 Ng4 35. Rh3 Qxh3 36. Bxh3 Nxf2 37. Kxf2 Rd5 38. Re2 Kf7 39. c4 Rd3 40. Bg2 Rxb3 41. Re6 Rxa3 42. Bxc6 bxc4 43. Bd5 Kf8 0-1

[Event "World Youth U-16 Olympiad 2018"]
[Site "Konya"]
[Date "2018.11.30"]
[Round "6"]
[White "Kreutzmann, Duke"]
[Black "Svanda, Ondrej"]
[Result "0-1"]
[WhiteElo "2049"]
[BlackElo "2244"]
[Annotator "NA"]
[PlyCount "90"]
[EventDate "2018.11.25"]
[EventType "team-tourn"]
[EventCountry "TUR"]
[SourceTitle "playchess.com"]
[Source "ChessBase"]
[SourceQuality "1"]
[WhiteTeam "Switzerland"]
[BlackTeam "Czech Republic"]
[WhiteTeamCountry "SUI"]
[BlackTeamCountry "CZE"]

1. d4 Nf6 2. c4 e6 3. Nf3 Bb4+ 4. Bd2 Qe7 5. g3 Nc6 6. Bg2 Bxd2+ 7. Nbxd2 O-O 8. O-O d6 9. e4 e5 10. d5 Nb8 11. b4 a5 12. a3 Na6 13. Rb1 Bd7 14. Qe2 Rfb8 15. Rfc1 axb4 16. axb4 c5 17. bxc5 Nxc5 18. Ne1 Ba4 19. f4 Nfd7 20. Nd3 Nxd3 21. Qxd3 Nc5 22. Qe3 Re8 23. f5 Ra5 24. Bf1 Rea8 25. Nf3 Be8 26. Rc3 Ra2 27. g4 f6 28. h4 Ra1 29. Rxa1 Rxa1 30. Nd2 Ba4 31. Kg2 Ra2 32. Kf3 Bd1+ 33. Be2 Bxe2+ 34. Kxe2 Qe8 35. Ra3 Rc2 36. Kd1 Rb2 37. Qc3 Rb6 38. Ke2 Qc8 39. Ra5 h6 40. Qg3 Qe8 41. Qa3 Kh7 42. Ra8 Qf7 43. Qf3 Ra6 44. Rxa6 bxa6 45. Nb3 Qa7 0-1

[Event "World Youth U-16 Olympiad 2018"]
[Site "Konya"]
[Date "2018.11.30"]
[Round "6"]
[White "Sankova, Stella"]
[Black "Burbach, Anya Belle"]
[Result "1-0"]
[WhiteElo "2039"]
[BlackElo "1111"]
[Annotator "NA RC"]
[PlyCount "55"]
[EventDate "2018.11.25"]
[EventType "team-tourn"]
[EventCountry "TUR"]
[SourceTitle "playchess.com"]
[Source "ChessBase"]
[SourceQuality "1"]
[WhiteTeam "Slovakia"]
[BlackTeam "Thailand"]
[WhiteTeamCountry "SVK"]
[BlackTeamCountry "THA"]

1. Nf3 Nc6 2. d4 d5 3. Bf4 e6 4. e3 a6 5. c4 Nf6 6. Nc3 Bb4 7. Qc2 O-O 8. Bd3 Re8 9. O-O h6 10. cxd5 exd5 11. h3 Be6 12. a3 Bxc3 13. Qxc3 Qd7 14. Qc2 Rac8 15. Rfc1 Re7 16. Bxa6 bxa6 17. Qxc6 Ne8 18. Qxa6 c6 19. Ne5 Qb7 20. Qxb7 Rxb7 21. Nxc6 Kf8 22. b4 Bd7 23. Ne5 Rxc1+ 24. Rxc1 Ba4 25. Nd3 Bb5 26. Nc5 Ra7 27. a4 Bxa4 28. Ra1 1-0